Statistics for Every single Bolliger & Mabillard Roller Coaster

Click here to take the quiz!

General Stats

  • This quiz has been taken 307 times
  • The average score is 55 of 115

Answer Stats

TypeOpenedHeight (ft)Speed (mph)Answer% Correct
Giga201532595Fury 325
97%
Giga202028791Orion
87%
Invert200210549.7Batman: Arkham Asylum
85%
Floorless2002117.855Batman - The Dark Knight
85%
Invert199210050Batman The Ride
85%
Invert199410550Batman The Ride
85%
Invert199310550Batman The Ride
85%
Invert199510550Batman The Ride
85%
Invert199710550Batman The Ride
85%
Invert199910550Batman The Ride
85%
Giga201230692Leviathan
85%
Floorless200016870Superman Krypton Coaster
83%
Floorless2002164.162.1Superman / la Atracción de Acero
83%
Flying200310651Superman - Ultimate Flight
83%
Flying200310651Superman - Ultimate Flight
83%
Flying200210651Superman - Ultimate Flight
83%
Wing201317067GateKeeper
79%
Dive201622375Valravn
77%
Hyper200620070Goliath
76%
Mega2006174.868.3Goliath
76%
Invert200810550Goliath
76%
Wing2011108.355.9Raptor
74%
Invert199413757Raptor
74%
Hyper201620073Mako
73%
Dive19986568Oblivion
73%
Dive2015139.462.1Oblivion - The Black Hole
73%
Dive200520070SheiKra
73%
Hyper200123080Nitro
72%
Hyper201023275Intimidator
71%
Flying200617062Tatsu
69%
Hyper200923080Diamondback
68%
Dive201922380.8Yukon Striker
68%
Dive200720571Griffon
67%
Hyper199917073Apollo's Chariot
66%
Sit Down199314360Kumba
66%
Invert199442.650Nemesis
66%
Invert199719567Alpengeist
65%
Flying200914056Manta
65%
Hyper202021076Candymonium
63%
Dive2011134.564Krake
63%
Invert199615060Montu
63%
Hyper2002239.578.9Silver Star
62%
Floorless199614560Rougarou
59%
Hyper2012249.383.3Shambhala
59%
Invert201416768Banshee
57%
Hyper200823077Behemoth
57%
Hyper199920273Raging Bull
56%
Invert200395.247.8Nemesis Inferno
55%
Stand-up201115463Green Lantern
54%
Wing2012?55X-Flight
54%
Stand-up199815665Riddler's Revenge
53%
Invert200685.349.7Black Mamba
50%
Wing201514060Thunderbird
50%
Sit Down199911067Incredible Hulk
49%
Wing201212759The Swarm
48%
Dive201598.455.9Baron 1898
47%
Invert199911362Afterburn
46%
Sit Down199514865Dragon Khan
46%
Flying200265.646.6Galactica
46%
Wing2012?61Wild Eagle
46%
Floorless200015065Medusa
45%
Invert200614960Patriot
45%
Floorless19919145Patriot
45%
Dive202215360Emperor
44%
Floorless200014965Kraken
44%
Floorless200315063Scream!
43%
Flying2016150.962.1Flying Dinosaur
42%
Invert2010131.255.9Monster
42%
Invert2021111.555.9Monster
42%
Floorless200815765Dominator
41%
Stand-up19929050Vortex
41%
Dive202215060Dr. Diabolical's Cliffhanger
40%
Invert19989058Great Bear
40%
Invert2012131.255.9OzIris
38%
Floorless199914261Bizarro
37%
Invert200113558Talon
37%
Dive2008196.869.6Dive Coaster
36%
Invert199310250Flight Deck
36%
Invert200414655Silver Bullet
36%
Wing2018131.359Fenix
35%
Sit Down200112066Wildfire
35%
Floorless201210055Firebird
33%
Invert200016464.6Katun
32%
Stand-up199910754Georgia Scorcher
31%
Floorless20059553Hydra the Revenge
30%
Invert199710850Great White
29%
Wing2014131.262.1Flug der Damonen
28%
Mega2007144.355.9Hollywood Dream: The Ride
26%
Floorless200491.948Daemonen
24%
Dive2000?68.3Diving Machine G5
22%
Dive2009213?Diving Coaster
21%
Wing2014164.167.1Parrot Coaster
21%
Invert200210550Vampire
19%
Flying2015141.155.9Acrobat
18%
Flying2011131.354.7Starry Sky Ripper
18%
Invert1997147.762.1Pyrenees
17%
Mega2019157.559.9Flight of the Himalayan Eagle Music Roller Coaster
16%
Wing2018147.7?Wing Coaster
16%
Dive2018206.771Draken
14%
Invert2007147.755.9Phaethon
14%
Sit Down202111067Decepticoaster
13%
Invert1994108.348.5Diavlo
13%
Wing2019197.573.3Falcon
13%
Floorless2011114.854.7Hair Raiser
13%
Sit Down201715065Dragon's Run
12%
Invert201465.630.4Family Inverted Coaster
12%
Invert201865.630.5Family Inverted Coaster
12%
Flying200610651Crystal Wing
10%
Wing2017??Flying Wing Coaster
10%
Floorless2001?53.4Insane Speed
10%
Floorless201313265.2Hot Wheels Nitro
9%
Wing2020??Forest Predator
8%
Wing2018118.1?Heaven's Wing
8%
Dive2018164?Flying Apsaras in Western Region
6%
Dive2018154.265.2Valkryia
6%

Score Distribution

Percentile by Number Answered

Percent of People with Each Score

Your Score History

You have not taken this quiz